书目信息 |
| 题名: |
鲁迅手稿全集
|
|
| 作者: | ;鲁迅手稿全集编辑委员会 编 | |
| 分册: | 第二册 | |
| 出版信息: | 北京 北京文物出版社 1979 |
|
| 页数: | 269页 | |
| 开本: | 26cm | |
| 丛书名: | ||
| 单 册: | ||
| 中图分类: | I210.8 | |
| 科图分类: | ||
| 主题词: | 鲁迅著作--手稿--全集 , 鲁迅书简--手稿--1926~1927 | |
| 电子资源: | ||
| ISBN: | ||
| 000 | 00733nam0 2200229 45 | |
| 001 | 0179001881 | |
| 005 | 20060605161727.25 | |
| 010 | @dCNY4.00 | |
| 091 | @a10068.662 | |
| 100 | @a19950718d1979 em y0chiy0121 ea | |
| 101 | 0 | @achi |
| 102 | @aCN@b110000 | |
| 105 | @ay z 000ey | |
| 200 | 10 | @a鲁迅手稿全集@Alu xun shou gao quan ji@e书信@h第二册@f鲁迅手稿全集编辑委员会编@Flu xun shou gao quan ji bian ji wei yuan hui bian |
| 210 | @a北京@c北京文物出版社@d1979 | |
| 215 | @a269页@d26cm | |
| 606 | @a鲁迅著作@x手稿@x全集 | |
| 606 | @a鲁迅书简@x手稿@z1926~1927 | |
| 690 | @aI210.8@v3 | |
| 711 | 02 | @a鲁迅手稿全集编辑委员会@Alu xun shou gao quan ji bian ji wei yuan hui@4编 |
| 801 | 0 | @aCN@bNLC@c20060605 |
| 905 | @dI210.8@e31:2 | |
| 鲁迅手稿全集:书信.第二册/鲁迅手稿全集编辑委员会编.-北京:北京文物出版社,1979 |
| 269页;26cm |
| ISBN :CNY4.00 |
| ● |
| 相关链接 |
|
|
|
|
正题名:鲁迅手稿全集
索取号:I210.8/31:2
 
预约/预借
| 序号 | 登录号 | 条形码 | 馆藏地/架位号 | 状态 | 备注 |
| 1 | 0013003 | 000042545 | 第一样本阅览室/ [索取号:I210.8/31:2] | 在馆 | |
| 2 | 0013004 | 001926802 | 密集书库/ [索取号:I210.8/31:2] | 在馆 | |
| 3 | 0420593 | 204205939 | 密集书库/ [索取号:I210.8/31:2] | 在馆 | |
| 4 | 0420594 | 204205948 | 密集书库/ [索取号:I210.8/31:2] | 在馆 |